[Event "ICS Rated blitz match"]
[Site "204.178.125.65"]
[Date "2000.11.27"]
[Round "?"]
[White "Hossa"]
[Black "Valg"]
[Result "0-1"]
[WhiteElo "2579"]
[BlackElo "2779"]
[PlyCount "134"]
[EventDate "2000.??.??"]

1. e4 e5 2. Nf3 Nc6 3. d4 exd4 4. Nxd4 Bc5 5. Nb3 Bb6 6. Nc3 d6 7. a4 a6 8. Nd5
Ba7 9. Be2 Nf6 10. O-O Nxd5 11. exd5 Ne5 12. Be3 Bxe3 13. fxe3 Qg5 14. Qd4 O-O
15. Qf4 Qxf4 16. Rxf4 g5 17. Rf6 Bg4 18. Re1 Kg7 19. Rff1 Rfe8 20. Nd4 Kg6 21.
e4 h5 22. Bxg4 Nxg4 23. Rf3 Rad8 24. h3 Ne5 25. Rb3 b6 26. Rf1 Nc4 27. Nc6 Rd7
28. Re1 Ne5 29. Rf1 f6 30. Nxe5+ Rxe5 31. Re3 Rde7 32. Ref3 Rf7 33. Re3 f5 34.
exf5+ Rfxf5 35. Rxf5 Kxf5 36. Rc3 Rxd5 37. Rxc7 Ke5 38. Re7+ Kf4 39. Rf7+ Ke3
40. Rf3+ Ke4 41. Rb3 b5 42. axb5 axb5 43. Rf3 Rd1+ 44. Rf1 Rxf1+ 45. Kxf1 Ke3
46. Ke1 b4 47. g4 hxg4 48. hxg4 Kf3 49. c3 b3 50. Kf1 Ke3 51. Ke1 Kd3 52. Kf2
Kc2 53. Ke2 Kxb2 54. Kd3 Ka2 55. Ke4 b2 56. Kd5 b1=Q 57. Kxd6 Qd1+ 58. Kc6 Qxg4
59. Kd5 Kb3 60. Ke5 Kxc3 61. Kd5 Qf5+ 62. Kd6 g4 63. Ke7 g3 64. Ke8 g2 65. Kd8
Qf7 66. Kc8 g1=Q 67. Kd8 Qgg8# {Hossa checkmated} 0-1

[Event "ICS rated bullet match"]
[Site "204.178.125.65"]
[Date "2000.11.27"]
[Round "?"]
[White "Hossa"]
[Black "palmvalencia"]
[Result "1-0"]
[WhiteElo "2624"]
[BlackElo "2153"]
[PlyCount "27"]
[EventDate "2000.??.??"]

1. e4 e6 2. d4 d5 3. Nd2 Nf6 4. e5 Nfd7 5. Bd3 c5 6. c3 Nc6 7. Ne2 cxd4 8. cxd4
f6 9. Nf4 Nxd4 10. Qh5+ g6 11. Nxg6 hxg6 12. Bxg6+ Ke7 13. exf6+ Nxf6 14. Qxh8
{palmvalencia resigns} 1-0

[Event "ICS rated bullet match"]
[Site "204.178.125.65"]
[Date "2000.11.27"]
[Round "?"]
[White "palmvalencia"]
[Black "Hossa"]
[Result "0-1"]
[WhiteElo "2151"]
[BlackElo "2626"]
[PlyCount "36"]
[EventDate "2000.??.??"]

1. e4 e5 2. Nf3 Nc6 3. Bb5 a6 4. Bxc6 dxc6 5. O-O f6 6. d4 exd4 7. Nxd4 c5 8.
Nb3 Qxd1 9. Rxd1 Bg4 10. f3 Bd7 11. Bf4 O-O-O 12. Nc3 c4 13. Nd4 Bc5 14. Be3
Bd6 15. Kf1 Bxh2 16. f4 Nh6 17. Nf3 Ng4 18. Bg1 Bxf4 {palmvalencia resigns} 0-1

[Event "ICS rated bullet match"]
[Site "204.178.125.65"]
[Date "2000.11.27"]
[Round "?"]
[White "Hossa"]
[Black "palmvalencia"]
[Result "1-0"]
[WhiteElo "2628"]
[BlackElo "2149"]
[PlyCount "32"]
[EventDate "2000.??.??"]

1. e4 e6 2. d4 d5 3. Nd2 Nf6 4. e5 Nfd7 5. Bd3 c5 6. c3 Nc6 7. Ne2 cxd4 8. cxd4
f6 9. Nf4 Nxd4 10. Qh5+ Ke7 11. Ng6+ hxg6 12. exf6+ Nxf6 13. Qxh8 e5 14. Bxg6
Bf5 15. Bxf5 Nxf5 16. Qh3 g5 {palmvalencia resigns} 1-0

[Event "ICS rated bullet match"]
[Site "204.178.125.65"]
[Date "2000.11.27"]
[Round "?"]
[White "palmvalencia"]
[Black "Hossa"]
[Result "0-1"]
[WhiteElo "2147"]
[BlackElo "2630"]
[PlyCount "29"]
[EventDate "2000.??.??"]

1. e4 e5 2. Nf3 Nc6 3. d4 exd4 4. Nxd4 Bc5 5. Be3 Qf6 6. Nb5 Bxe3 7. fxe3 Qh4+
8. g3 Qxe4 9. Nxc7+ Kf8 10. Nxa8 Qxh1 11. Nc3 Qxh2 12. Qd6+ Nge7 13. O-O-O Qh5
14. Bc4 Qe5 15. Qc7 {palmvalencia resigns} 0-1

[Event "ICS rated bullet match"]
[Site "204.178.125.65"]
[Date "2000.11.27"]
[Round "?"]
[White "Hossa"]
[Black "BountyHunter"]
[Result "0-1"]
[WhiteElo "2632"]
[BlackElo "2746"]
[PlyCount "120"]
[EventDate "2000.??.??"]

1. e4 e5 2. Nf3 Nf6 3. Nxe5 d6 4. Nf3 Nxe4 5. d4 d5 6. Bd3 Bd6 7. O-O O-O 8. c4
c6 9. Nc3 Nxc3 10. bxc3 dxc4 11. Bxc4 Bg4 12. h3 Bh5 13. Re1 Nd7 14. Rb1 b5 15.
Bd3 Nb6 16. Be3 Nd5 17. Bd2 Qf6 18. Be4 Rfe8 19. Bxd5 Rxe1+ 20. Bxe1 cxd5 21.
Rxb5 Rb8 22. Rxd5 Bxf3 23. Qxf3 Qe6 24. Rxd6 Qxd6 25. a4 Qa6 26. Qd1 Qc4 27. g4
Rb2 28. Qf3 h6 29. Qa8+ Kh7 30. Qe4+ g6 31. Qf4 Rb1 32. Qe4 Ra1 33. Kg2 a5 34.
Bd2 Rxa4 35. Qe3 Qd5+ 36. Kg3 g5 37. f4 Ra3 38. fxg5 hxg5 39. Qe7 Rb3 40. h4
gxh4+ 41. Qxh4+ Kg8 42. Qf6 Qe4 43. Qd8+ Kg7 44. Qg5+ Qg6 45. Qe5+ Kh7 46. Qc7
a4 47. Kf3 a3 48. Be3 Qf6+ 49. Ke4 Qe6+ 50. Kd3 Qa6+ 51. Qc4 Qg6+ 52. Ke2 Qxg4+
53. Kd3 Qg6+ 54. Ke2 Qg2+ 55. Kd1 Qf3+ 56. Qe2 Rb1+ 57. Bc1 Rxc1+ 58. Kxc1 Qxe2
59. d5 a2 60. c4 a1=Q# {Hossa checkmated} 0-1

[Event "ICS rated blitz match"]
[Site "204.178.125.65"]
[Date "2000.11.27"]
[Round "?"]
[White "Hossa"]
[Black "Valg"]
[Result "1/2-1/2"]
[WhiteElo "2571"]
[BlackElo "2746"]
[PlyCount "97"]
[EventDate "2000.??.??"]

1. e4 e5 2. Nf3 Nc6 3. Bb5 a6 4. Ba4 Nf6 5. O-O Be7 6. Re1 b5 7. Bb3 d6 8. c3
O-O 9. h3 Na5 10. Bc2 c5 11. d4 Qc7 12. Nbd2 cxd4 13. cxd4 Bb7 14. Nf1 Rac8 15.
Re2 d5 16. Nxe5 dxe4 17. Bf4 Bd6 18. Ne3 Nh5 19. Bh2 g6 20. Rc1 Qe7 21. N3g4 f6
22. Bb3+ Kg7 23. Rxc8 Bxc8 24. Bc2 fxe5 25. dxe5 Bc7 26. Qc1 Be6 27. b3 Nc6 28.
Qh6+ Kg8 29. Bxe4 Nd4 30. Rd2 Qc5 31. Rd1 Ne2+ 32. Kh1 Nc3 33. Bxg6 Qe7 34.
Bxh7+ Qxh7 35. Qxe6+ Kh8 36. Rd7 Ng7 37. Qxa6 Bb8 38. Bg1 Ne4 39. Qb6 Qh5 40.
Qxb5 Qf5 41. a4 Nh5 42. Re7 Qf4 43. Rb7 Nhg3+ 44. fxg3 Nxg3+ 45. Kh2 Nf1+ 46.
Kh1 Ng3+ 47. Kh2 Nf1+ 48. Kh1 Ng3+ 49. Kh2 {Game drawn by repetition} 1/2-1/2

[Event "ICS rated bullet match"]
[Site "204.178.125.65"]
[Date "2000.11.27"]
[Round "?"]
[White "Rootertoot"]
[Black "Hossa"]
[Result "0-1"]
[WhiteElo "2004"]
[BlackElo "2621"]
[PlyCount "20"]
[EventDate "2000.??.??"]

1. d3 e5 2. g3 d5 3. Bg2 Nf6 4. Nf3 Nc6 5. O-O Bf5 6. Re1 Bc5 7. e4 dxe4 8.
dxe4 Nxe4 9. Qxd8+ Rxd8 10. g4 Bxf2+ {Rootertoot resigns} 0-1

[Event "ICS rated blitz match"]
[Site "204.178.125.65"]
[Date "2000.11.27"]
[Round "?"]
[White "CXSP"]
[Black "Hossa"]
[Result "0-1"]
[WhiteElo "2259"]
[BlackElo "2578"]
[PlyCount "30"]
[EventDate "2000.??.??"]

1. e4 e5 2. Nf3 Nc6 3. d4 exd4 4. Nxd4 Bc5 5. Be3 Qf6 6. c3 Nge7 7. g3 d5 8.
Bg2 Nxd4 9. cxd4 Bb4+ 10. Nc3 dxe4 11. O-O Bxc3 12. bxc3 Qc6 13. Qc2 f5 14. c4
b5 15. Rac1 bxc4 {CXSP resigns} 0-1

[Event "ICS rated blitz match"]
[Site "204.178.125.65"]
[Date "2000.11.27"]
[Round "?"]
[White "Hossa"]
[Black "Amateur"]
[Result "1-0"]
[WhiteElo "2582"]
[BlackElo "2543"]
[PlyCount "151"]
[EventDate "2000.??.??"]

1. e4 c5 2. Nf3 e6 3. d4 cxd4 4. Nxd4 Nc6 5. Be3 Nxd4 6. Bxd4 Nf6 7. e5 Ne4 8.
Be2 Be7 9. O-O O-O 10. f3 Nc5 11. b4 Na6 12. Bxa6 bxa6 13. Qd2 d5 14. exd6 Bxd6
15. Bc5 Bxc5+ 16. bxc5 Bb7 17. Qxd8 Raxd8 18. Nc3 Rd4 19. Rab1 Ba8 20. Rfc1 Rc4
21. Ne2 Rxc5 22. Nd4 e5 23. Nf5 g6 24. Ne3 f5 25. Rb4 a5 26. Rb3 e4 27. f4 a4
28. Rb2 Rc3 29. Nd1 Ra3 30. c3 Rc8 31. Rd2 Bb7 32. Kf2 Ba6 33. Ke3 Rc7 34. h4
Kf7 35. Rb1 Ke6 36. h5 gxh5 37. Rbb2 Bc4 38. Kf2 h4 39. Ke1 Rg7 40. Rbc2 Rg3
41. Kf2 Rg4 42. Ne3 Rxf4+ 43. Kg1 Bd3 44. Kh2 h3 45. Kxh3 a5 46. Rc1 h5 47. Kg3
Ke5 48. Kh3 h4 49. Kh2 Ke6 50. Rb2 Ke5 51. Rd2 h3 52. Kxh3 Ke6 53. Kg3 Ke5 54.
Rb2 Rg4+ 55. Nxg4+ fxg4 56. Kxg4 Bc4 57. Rcc2 e3 58. Kf3 Bd3 59. Kxe3 Bxc2 60.
Rxc2 Kd5 61. Kd3 Kc5 62. g4 Kd6 63. g5 Ke6 64. Rf2 Rb3 65. axb3 a3 66. Ke4 Ke7
67. Ra2 Kf7 68. Rxa3 Kg7 69. Kf5 a4 70. g6 Kf8 71. Kf6 Ke8 72. Rxa4 Kd7 73. Rc4
Kd6 74. g7 Kd5 75. g8=Q+ Kd6 76. Qe6# {Amateur checkmated} 1-0

[Event "ICS rated bullet match"]
[Site "204.178.125.65"]
[Date "2000.11.27"]
[Round "?"]
[White "Hossa"]
[Black "stranger"]
[Result "1-0"]
[WhiteElo "2622"]
[BlackElo "2106"]
[PlyCount "35"]
[EventDate "2000.??.??"]

1. e4 d5 2. exd5 Qxd5 3. Nc3 Qd8 4. Nf3 Nf6 5. Bc4 g6 6. Ng5 e6 7. O-O Bg7 8.
b3 O-O 9. Ba3 Re8 10. Re1 b6 11. Qf3 c6 12. Rad1 Bb7 13. Nce4 Nbd7 14. Nxf7
Kxf7 15. Nd6+ Kg8 16. Rxe6 Rxe6 17. Bxe6+ Kh8 18. Nf7+ {stranger resigns} 1-0

[Event "ICS rated bullet match"]
[Site "204.178.125.65"]
[Date "2000.11.27"]
[Round "?"]
[White "stranger"]
[Black "Hossa"]
[Result "0-1"]
[WhiteElo "2104"]
[BlackElo "2624"]
[PlyCount "72"]
[EventDate "2000.??.??"]

1. e4 e5 2. Nf3 Nc6 3. Bc4 Be7 4. c3 Nf6 5. d3 O-O 6. O-O d5 7. exd5 Nxd5 8. h3
a6 9. Qb3 Nb6 10. Qc2 Bf5 11. Qd1 Nxc4 12. dxc4 Bd3 13. Re1 e4 14. Nd4 Nxd4 15.
cxd4 Qxd4 16. Nc3 Qxc4 17. Be3 Bb4 18. Rc1 Bxc3 19. Rxc3 Qxa2 20. Rxc7 Qxb2 21.
Qc1 Qb3 22. Qc3 Qxc3 23. Rxc3 Rfc8 24. Rb3 b5 25. Ra1 a5 26. f3 a4 27. Rb4 exf3
28. gxf3 Rc2 29. Rd1 Bc4 30. Rdb1 a3 31. Ra1 a2 32. Bd4 Ra3 33. Rb2 Rxb2 34.
Bxb2 Rxf3 35. Rxa2 Bxa2 36. Bxg7 Kxg7 {stranger resigns} 0-1

[Event "ICS rated bullet match"]
[Site "204.178.125.65"]
[Date "2000.11.27"]
[Round "?"]
[White "Hossa"]
[Black "stranger"]
[Result "1-0"]
[WhiteElo "2626"]
[BlackElo "2102"]
[PlyCount "39"]
[EventDate "2000.??.??"]

1. d4 d6 2. e4 e6 3. Nf3 Be7 4. Bd3 Nf6 5. O-O O-O 6. Na3 h6 7. c3 c5 8. dxc5
dxc5 9. Qe2 Nc6 10. Rd1 e5 11. Bc4 Qe8 12. Nb5 b6 13. Nc7 Bb7 14. Nxe8 Rfxe8
15. Bd5 Nxd5 16. exd5 Na5 17. Qxe5 Bf6 18. Qf5 Nc4 19. Qd7 Ba6 20. Qa4 {
stranger resigns} 1-0

[Event "ICS rated bullet match"]
[Site "204.178.125.65"]
[Date "2000.11.27"]
[Round "?"]
[White "stranger"]
[Black "Hossa"]
[Result "0-1"]
[WhiteElo "2101"]
[BlackElo "2627"]
[PlyCount "62"]
[EventDate "2000.??.??"]

1. e4 e5 2. Nf3 Nc6 3. Nc3 Nf6 4. Bc4 Bc5 5. d3 d6 6. Bd2 Na5 7. Qe2 Nxc4 8.
dxc4 Ng4 9. Rf1 O-O 10. h3 Nf6 11. O-O-O a5 12. Bg5 Re8 13. Nd5 Be6 14. Nxf6+
gxf6 15. Bh6 b5 16. cxb5 Bxa2 17. Nd2 Be6 18. Qf3 Kh8 19. Nb3 Bb4 20. c3 Bxb3
21. cxb4 Bxd1 22. Rxd1 Rg8 23. g4 Rg6 24. Be3 axb4 25. Rd5 Ra1+ 26. Kc2 Qa8 27.
h4 Qa4+ 28. Kd2 Qb3 29. h5 Qxb2+ 30. Kd3 Qc3+ 31. Ke2 Re1# {stranger checkmated
} 0-1

[Event "ICS rated bullet match"]
[Site "204.178.125.65"]
[Date "2000.11.27"]
[Round "?"]
[White "Hossa"]
[Black "Good-Boy"]
[Result "0-1"]
[WhiteElo "2628"]
[BlackElo "2845"]
[PlyCount "130"]
[EventDate "2000.??.??"]

1. e4 e6 2. d4 d5 3. Nd2 c5 4. exd5 Qxd5 5. Ngf3 cxd4 6. Bc4 Qd6 7. O-O Nf6 8.
Nb3 Nc6 9. Nbxd4 Nxd4 10. Qxd4 Bd7 11. Rd1 Qxd4 12. Nxd4 Rc8 13. Bd3 Bc5 14.
Nb3 Bb6 15. Bf4 Bc6 16. c3 Ne4 17. Nd4 Bxd4 18. cxd4 O-O 19. f3 Nf6 20. Be5 Nd5
21. Rac1 Rfd8 22. Bg3 g5 23. Rd2 Nb4 24. Bb1 Bxf3 25. Rc3 Bd5 26. Bc7 Re8 27.
a4 Bc6 28. Bd6 Nd5 29. Rg3 h6 30. a5 Bb5 31. Rc2 Rxc2 32. Bxc2 Rc8 33. Bd3 Bxd3
34. Rxd3 Rc1+ 35. Kf2 Rc2+ 36. Kg3 Rxb2 37. h3 b5 38. axb6 axb6 39. Kf3 b5 40.
Ra3 b4 41. Ra7 b3 42. Rb7 h5 43. Be5 f6 44. Bd6 f5 45. Ba3 g4+ 46. hxg4 hxg4+
47. Kg3 Rb1 48. Bc5 Ne3 49. Re7 f4+ 50. Kxf4 Nd5+ 51. Ke4 Nxe7 52. Kd3 Rc1 53.
Ba3 Rc2 54. Bxe7 Rxg2 55. Ba3 b2 56. Bxb2 Rxb2 57. d5 exd5 58. Kd4 g3 59. Ke3
g2 60. Kf3 g1=Q 61. Kf4 Qd4+ 62. Kf5 Qe4+ 63. Kf6 Rf2+ 64. Kg5 Rg2+ 65. Kf6
Rg6# {Hossa checkmated} 0-1

[Event "ICS rated blitz match"]
[Site "204.178.125.65"]
[Date "2000.11.27"]
[Round "?"]
[White "Amateur"]
[Black "Hossa"]
[Result "1-0"]
[WhiteElo "2526"]
[BlackElo "2596"]
[PlyCount "95"]
[EventDate "2000.??.??"]

1. d4 d5 2. Bg5 h6 3. Bh4 c6 4. Nf3 Qb6 5. b3 Nf6 6. e3 g5 7. Bg3 Ne4 8. Be5 f6
9. Bxb8 Rxb8 10. Nfd2 Nxd2 11. Nxd2 e5 12. dxe5 fxe5 13. Qh5+ Ke7 14. h4 Rg8
15. Be2 Qa5 16. c4 Qc3 17. Rd1 g4 18. O-O Be6 19. Nb1 Qa1 20. Nd2 Qb2 21. Nb1
Bf7 22. Rd2 Bxh5 23. Rxb2 Ke6 24. cxd5+ cxd5 25. e4 Rg7 26. exd5+ Kxd5 27. Rd1+
Ke6 28. Bc4+ Kf5 29. Nc3 g3 30. Rd5 Bb4 31. Nb1 gxf2+ 32. Rxf2+ Kg4 33. Rxe5
Kxh4 34. Rf4+ Kg3 35. Rd4 Bf3 36. gxf3 Kxf3+ 37. Kh2 Rg2+ 38. Kh3 Rg3+ 39. Kh4
Rg5 40. Nd2+ Kg2 41. Re2+ Kh1 42. Nf3 Be1+ 43. Rxe1+ Kg2 44. Nxg5 hxg5+ 45. Kg4
Rd8 46. Rxd8 Kf2 47. Re2+ Kf1 48. Rd1# {Hossa checkmated} 1-0

[Event "ICS rated blitz match"]
[Site "204.178.125.65"]
[Date "2000.11.27"]
[Round "?"]
[White "Hossa"]
[Black "Amateur"]
[Result "1/2-1/2"]
[WhiteElo "2577"]
[BlackElo "2545"]
[PlyCount "119"]
[EventDate "2000.??.??"]

1. d4 d5 2. c4 c6 3. Nf3 dxc4 4. e4 b5 5. Nc3 Bg4 6. Be2 Nf6 7. a3 e6 8. O-O
Be7 9. Be3 O-O 10. Ne5 Bxe2 11. Qxe2 a5 12. Qf3 Nfd7 13. Bf4 Nxe5 14. Bxe5 Nd7
15. Bf4 b4 16. axb4 axb4 17. Ne2 Qb6 18. Rfc1 c5 19. d5 Rxa1 20. Rxa1 Bf6 21.
Rb1 Bd4 22. Qg3 Nf6 23. Nxd4 cxd4 24. Be5 Ne8 25. dxe6 f6 26. Bf4 Qxe6 27. Re1
c3 28. Qd3 Qa2 29. bxc3 dxc3 30. Rb1 g5 31. Bc1 Qa4 32. Qc4+ Rf7 33. Be3 Nd6
34. Qd4 c2 35. Rc1 Nb5 36. Qc4 Na3 37. Qd5 Qd7 38. Qb3 Qd6 39. f3 Kg7 40. Kh1
Rd7 41. Rg1 Rc7 42. Bc1 Qc5 43. Qd3 Qc3 44. Qd8 Nb5 45. Qe8 Nd6 46. Qd8 Nf7 47.
Qa8 Ne5 48. Qe8 Nd3 49. h4 Nxc1 50. Rxc1 Qd2 51. Rxc2 Qe1+ 52. Kh2 Qxh4+ 53.
Kg1 Qe1+ 54. Kh2 Rxc2 55. Qe7+ Kg6 56. Qe8+ Kh6 57. Qf8+ Kg6 58. Qe8+ Kh6 59.
Qf8+ Kg6 60. Qe8+ {Game drawn by repetition} 1/2-1/2

[Event "ICS rated standard match"]
[Site "204.178.125.65"]
[Date "2000.11.27"]
[Round "?"]
[White "Amateur"]
[Black "Hossa"]
[Result "1/2-1/2"]
[WhiteElo "2331"]
[BlackElo "2292"]
[PlyCount "214"]
[EventDate "2000.??.??"]

1. e4 e6 2. d4 d5 3. Nd2 c5 4. exd5 Qxd5 5. Ngf3 cxd4 6. Bc4 Qd6 7. O-O Nf6 8.
Nb3 Nc6 9. Nbxd4 Nxd4 10. Nxd4 Bd7 11. c3 Qc7 12. Qe2 Bd6 13. g3 O-O 14. Bg5
Be7 15. Rad1 Qc5 16. Nf3 Rfd8 17. Ne5 Be8 18. b3 Qa5 19. Rc1 h6 20. b4 Qc7 21.
Bf4 Bd6 22. Rcd1 Rac8 23. h4 Nh7 24. Rfe1 g5 25. hxg5 hxg5 26. Bd3 f5 27. Bc4
gxf4 28. Bxe6+ Kh8 29. Bxc8 Rxc8 30. gxf4 Qg7+ 31. Kf1 Bf8 32. Qd3 Qh6 33. Qxf5
Rxc3 34. Rd8 Qh1+ 35. Ke2 Qh5+ 36. Qxh5 Bxh5+ 37. Kd2 Rh3 38. Nd7 Kg8 39. Nxf8
Nxf8 40. Re5 Bg6 41. Rg5 Kf7 42. Rxf8+ Kxf8 43. Rxg6 Ra3 44. Rf6+ Ke8 45. Re6+
Kd7 46. f5 Rxa2+ 47. Ke3 Ra4 48. Re4 a5 49. bxa5 Rxa5 50. f6 Rf5 51. Re7+ Kd8
52. Rxb7 Rxf6 53. f4 Re6+ 54. Kd4 Rd6+ 55. Ke5 Rg6 56. f5 Rc6 57. f6 Ke8 58.
Kf5 Rc4 59. Ke5 Rc5+ 60. Kd6 Rc4 61. Kd5 Rf4 62. Ke6 Re4+ 63. Kf5 Rc4 64. Ke6
Re4+ 65. Kd5 Rf4 66. Ke5 Rg4 67. Re7+ Kf8 68. Rb7 Ke8 69. Rc7 Kf8 70. Rc8+ Kf7
71. Rc7+ Kf8 72. Rc2 Rh4 73. Rc8+ Kf7 74. Rc7+ Kf8 75. Ke6 Re4+ 76. Kf5 Rh4 77.
Rb7 Rh3 78. Ke5 Re3+ 79. Kf4 Rh3 80. Ke4 Rh4+ 81. Ke5 Rh3 82. Ra7 Re3+ 83. Kf4
Rh3 84. Ke4 Rh4+ 85. Ke5 Rh3 86. Kf4 Rh2 87. Rb7 Rf2+ 88. Ke5 Re2+ 89. Kf4 Rf2+
90. Kg5 Rg2+ 91. Kf5 Rh2 92. Rg7 Rf2+ 93. Ke6 Re2+ 94. Kd5 Rd2+ 95. Ke5 Rf2 96.
Rc7 Re2+ 97. Kf4 Rf2+ 98. Kg5 Rg2+ 99. Kf5 Rf2+ 100. Ke6 Re2+ 101. Kf5 Rf2+
102. Kg6 Rg2+ 103. Kh5 Rh2+ 104. Kg4 Rg2+ 105. Kf3 Rh2 106. Kg3 Rh1 107. Kg2
Rh6 {Game drawn by the 50 move rule} 1/2-1/2

[Event "ICS rated blitz match"]
[Site "204.178.125.65"]
[Date "2000.11.27"]
[Round "?"]
[White "StrongBach"]
[Black "Hossa"]
[Result "0-1"]
[WhiteElo "1734"]
[BlackElo "2563"]
[PlyCount "58"]
[EventDate "2000.??.??"]

1. Nf3 Nf6 2. d3 Nc6 3. Bf4 d6 4. d4 e6 5. Qd2 Ne4 6. Qd3 d5 7. Nbd2 g5 8. Be3
f5 9. O-O-O f4 10. Bxf4 Nxf2 11. Qb5 gxf4 12. Rg1 Bd7 13. Re1 Nb4 14. Qxb7 Rb8
15. Qxa7 Ra8 16. Qb7 Bc6 17. Qxa8 Bxa8 18. c3 Nxa2+ 19. Kb1 Nxc3+ 20. bxc3 Qb8+
21. Kc2 Qa7 22. Kb1 Qa3 23. e3 Qxc3 24. exf4 Ba3 25. Nc4 dxc4 26. Rxe6+ Kd8 27.
Re2 Be4+ 28. Ka2 Qb3+ 29. Ka1 Qb1# {StrongBach checkmated} 0-1

[Event "ICS rated blitz match"]
[Site "204.178.125.65"]
[Date "2000.11.27"]
[Round "?"]
[White "Valg"]
[Black "Hossa"]
[Result "1-0"]
[WhiteElo "2752"]
[BlackElo "2563"]
[PlyCount "111"]
[EventDate "2000.??.??"]

1. e4 c5 2. Nf3 d6 3. d4 cxd4 4. Nxd4 Nf6 5. Nc3 Nc6 6. Bg5 e6 7. Qd2 a6 8.
O-O-O Bd7 9. f4 b5 10. Bxf6 gxf6 11. Kb1 Nxd4 12. Qxd4 Be7 13. f5 O-O 14. fxe6
fxe6 15. Rd3 Be8 16. Rg3+ Kh8 17. Be2 Bg6 18. Bg4 Bf7 19. Rf1 Rc8 20. Ne2 Rc5
21. Qd2 Rg8 22. Nd4 Qc8 23. Qh6 Rg6 24. Qh3 Re5 25. Rc3 Qd7 26. Bf3 b4 27. Rc4
a5 28. Nc6 Reg5 29. Nxe7 Qxe7 30. Rd1 Rg8 31. Qh4 Rd8 32. Qf2 Be8 33. h4 Rb5
34. Rf1 Rbb8 35. Rd4 Bb5 36. Be2 Bxe2 37. Qxe2 a4 38. Qf2 Rf8 39. Qd2 b3 40.
Rxa4 bxa2+ 41. Rxa2 Qc7 42. Qh6 Rbc8 43. b3 Qc3 44. g4 Rf7 45. Qf4 Rd8 46. Ra6
Qc5 47. Qf2 Qb5 48. Ra7 Rff8 49. g5 d5 50. exd5 Rxd5 51. gxf6 Qb4 52. Qg2 Rg8
53. Ra8 Rd1+ 54. Rxd1 Qb8 55. Rxb8 Rxb8 56. Qg7# {Hossa checkmated} 1-0

[Event "ICS rated blitz match"]
[Site "204.178.125.65"]
[Date "2000.11.27"]
[Round "?"]
[White "Hossa"]
[Black "Valg"]
[Result "1-0"]
[WhiteElo "2555"]
[BlackElo "2762"]
[PlyCount "181"]
[EventDate "2000.??.??"]

1. e4 e5 2. Nf3 Nc6 3. Bb5 a6 4. Ba4 Nf6 5. O-O Be7 6. Re1 b5 7. Bb3 d6 8. c3
O-O 9. h3 Na5 10. Bc2 c5 11. d4 Qc7 12. Nbd2 cxd4 13. cxd4 Nc6 14. d5 Nb4 15.
Bb1 a5 16. Nf1 Na6 17. Qe2 b4 18. Be3 Nc5 19. Rc1 Ba6 20. Qd2 Nfd7 21. Ng3 Rfc8
22. Nf5 Bf6 23. Bc2 Bb5 24. Bg5 h6 25. Bxh6 gxh6 26. Qxh6 Qd8 27. Nxd6 Rcb8 28.
Qh5 Qf8 29. Nf5 Bg7 30. Qh4 Nf6 31. Bb1 Ncd7 32. d6 Re8 33. a4 bxa3 34. Rxa3
Be2 35. Re3 Bb5 36. Nd2 Re6 37. Rg3 Rxd6 38. Nxg7 Qxg7 39. Rxg7+ Kxg7 40. Rc3
Rd8 41. Rc7 Nf8 42. Qg5+ Ng6 43. Ba2 Be8 44. Rc2 Rd3 45. Nf1 Nxe4 46. Qf5 R8d4
47. Re2 Nd6 48. Qg5 Ne4 49. Qh5 Nf6 50. Qf5 Bd7 51. Qg5 Ne4 52. Rxe4 Rxe4 53.
Bb1 f6 54. Qc1 Red4 55. Bxd3 Rxd3 56. f3 Nf4 57. Qc7 a4 58. Ng3 Kg6 59. Qc2 Bb5
60. h4 Kg7 61. Nf5+ Kg6 62. Nd6 Bd7 63. g3 Kh6 64. Nf7+ Kg7 65. gxf4 Rd5 66.
Nd8 exf4 67. Qc4 Rd1+ 68. Kf2 Bh3 69. Qf7+ Kh6 70. Qxf6+ Kh7 71. Nf7 Kg8 72.
Ng5 Rd7 73. Qxf4 Rb7 74. Qc4+ Kf8 75. Qc5+ Ke8 76. Qc6+ Rd7 77. Nxh3 a3 78.
bxa3 Kd8 79. Nf4 Rd1 80. a4 Rh1 81. a5 Rh2+ 82. Ng2 Rh1 83. a6 Ke7 84. Qa4 Ke6
85. a7 Rxh4 86. Qxh4 Kd6 87. Qf6+ Kc5 88. Ne3 Kb4 89. a8=Q Kb3 90. Qb8+ Ka2 91.
Qa6# {Valg checkmated} 1-0

[Event "ICS rated blitz match"]
[Site "204.178.125.65"]
[Date "2000.11.27"]
[Round "?"]
[White "Valg"]
[Black "Hossa"]
[Result "1-0"]
[WhiteElo "2737"]
[BlackElo "2580"]
[PlyCount "141"]
[EventDate "2000.??.??"]

1. e4 e5 2. Nf3 Nc6 3. Bb5 a6 4. Ba4 d6 5. c3 f5 6. exf5 Bxf5 7. O-O Bd3 8. Re1
e4 9. Bc2 Be7 10. Bxd3 exd3 11. Re3 Nf6 12. Qb3 Qd7 13. Qxb7 O-O 14. Qb3+ d5
15. c4 Na5 16. Qxd3 Nxc4 17. Re1 Bc5 18. Qc2 Ng4 19. d4 Bb4 20. Bd2 Nxd2 21.
Nbxd2 Qf5 22. Qxf5 Rxf5 23. Re2 c5 24. Nb3 cxd4 25. Rd1 d3 26. Rxd3 Bd6 27.
Nbd4 Rf7 28. Rc3 Bb4 29. Rc6 Rd7 30. Ree6 a5 31. h3 Nf6 32. a3 Bf8 33. Ne5 Rb7
34. Nd3 Be7 35. Ra6 Rc8 36. Rxa5 Bd8 37. Raa6 Be7 38. b4 Ne4 39. Rac6 Rd8 40.
Nf5 Bf8 41. f3 Nd2 42. Nc5 Ra7 43. a4 Bxc5+ 44. bxc5 Nc4 45. Ra6 Rc7 46. Re7
Rxe7 47. Nxe7+ Kf7 48. Ra7 Ke6 49. c6 Nd6 50. f4 g6 51. c7 Re8 52. Nc6 Rc8 53.
Nd4+ Ke7 54. g4 Kd7 55. f5 Rxc7 56. Rxc7+ Kxc7 57. Nb5+ Nxb5 58. axb5 d4 59. f6
d3 60. Kf2 d2 61. Ke2 Kd6 62. Kxd2 h6 63. h4 Kd7 64. b6 Ke6 65. b7 Kf7 66. g5
Ke6 67. b8=Q Kd5 68. f7 Ke4 69. f8=Q hxg5 70. Qbd6 gxh4 71. Qff4# {
Hossa checkmated} 1-0

[Event "ICS rated blitz match"]
[Site "204.178.125.65"]
[Date "2000.11.27"]
[Round "?"]
[White "Hossa"]
[Black "Valg"]
[Result "0-1"]
[WhiteElo "2571"]
[BlackElo "2753"]
[PlyCount "70"]
[EventDate "2000.??.??"]

1. d4 d5 2. Bg5 Nf6 3. Bxf6 exf6 4. e3 Bd6 5. Bd3 O-O 6. Nd2 c6 7. Qh5 g6 8.
Qh6 Na6 9. Bxa6 bxa6 10. c4 dxc4 11. Nxc4 Bb4+ 12. Kf1 Bf5 13. a3 Bd3+ 14. Ne2
Qd5 15. b3 Be7 16. f3 Qb5 17. a4 Qxb3 18. Nd2 Qb2 19. Rd1 Bb4 20. e4 Qxd4 21.
Ke1 Qb2 22. Kf2 Bxe2 23. Kxe2 g5 24. Kf2 Bxd2 25. Rhf1 Qb6+ 26. Kg3 Bf4+ 27.
Kg4 c5 28. Qh3 h5+ 29. Kxh5 Kg7 30. Rd5 Rh8+ 31. Kg4 Qe6+ 32. Rf5 Rxh3 33. g3
Rah8 34. Rd1 R8h4+ 35. gxh4 Rxh4# {Hossa checkmated} 0-1

[Event "ICS rated blitz match"]
[Site "204.178.125.65"]
[Date "2000.11.27"]
[Round "?"]
[White "Valg"]
[Black "Hossa"]
[Result "1-0"]
[WhiteElo "2761"]
[BlackElo "2563"]
[PlyCount "109"]
[EventDate "2000.??.??"]

1. e4 e5 2. Nf3 Nc6 3. Bb5 a6 4. Ba4 Nf6 5. O-O Be7 6. Re1 b5 7. Bb3 d6 8. c3
O-O 9. h3 Na5 10. Bc2 c5 11. d4 Qc7 12. Nbd2 cxd4 13. cxd4 Bb7 14. d5 Rac8 15.
Bd3 Nd7 16. Nf1 f5 17. Ne3 fxe4 18. Bxe4 Nc4 19. Bf5 Kh8 20. Be6 Ncb6 21. Bd2
Nc4 22. Nxc4 bxc4 23. Rc1 Nf6 24. Bg5 Rb8 25. Bxf6 Bxf6 26. Nd2 Bh4 27. Re2 Qb6
28. Qe1 c3 29. Rxc3 g6 30. Ne4 Be7 31. Rc4 a5 32. Rec2 Bd8 33. Qd2 Kg7 34. Rc1
Kh8 35. Qh6 Re8 36. Bf7 Rg8 37. Bxg8 Kxg8 38. Rc7 Bxc7 39. Ng5 Bxd5 40. Qxh7+
Kf8 41. Rxc7 Qxc7 42. Qxc7 Rb5 43. Nh7+ Kg8 44. Nf6+ Kf8 45. Qxd6+ Kg7 46. Nxd5
Rb7 47. Qf6+ Kh7 48. Ne7 Rxe7 49. Qxe7+ Kh6 50. Qxe5 a4 51. Qh8+ Kg5 52. Qf8
Kh5 53. g4+ Kg5 54. a3 Kh4 55. Qh6# {Hossa checkmated} 1-0